| 000 | 00978cam a22002535a 4500 | ||
|---|---|---|---|
| 005 | 20091103014612.0 | ||
| 008 | 090911s2009 ii ab b 100 0 eng d | ||
| 010 | _aENG-95361 | ||
| 020 |
_a9788131306802 _c495.00 |
||
| 035 | _aEN-78894 | ||
| 037 | _aDBAD/PUB | ||
| 040 |
_aDPL _beng |
||
| 082 | _a327.17207 | ||
| 100 | _aMishra, Loknath | ||
| 245 |
_aPeace education _cby Loknath Mishra |
||
| 260 |
_aNew Delhi : _bAPH Publishing Corporation _c2009 |
||
| 270 |
_a4435-36/7. Ansari road, Darya Ganj _bNew Delhi _e110002 |
||
| 300 |
_a183p. _c22 cm. (Hb) |
||
| 500 | _aIncludes bibliography references and index | ||
| 520 | _aContributed articles. | ||
| 942 |
_2ddc _cEN _mMIS _h327.17207 |
||
| 999 |
_c31463 _d31463 |
||